| 000 | 00375nam a2200145Ia 4500 | ||
|---|---|---|---|
| 100 | _aArivazhagan/S | ||
| 490 | _v2 | ||
| 942 | _cRB | ||
| 245 | _aInternational Conference on computational intelligence and multimedia applications 2007 | ||
| 260 |
_bIEEE Computer Society _asivakasi _c2007 |
||
| 082 |
_a004.35/ICC _bICC |
||
| 300 | _a553 | ||
| 546 | _aENGLISH | ||
| 999 |
_c29688 _d29688 |
||